Statistiques concernant Villes de France par Images 1

Cliquez ici pour prendre le quiz!

Statistiques générales

  • Ce quiz a été pris 262 fois
  • Le résultat moyen est 16 sur 20

Statistiques - réponses

Réponse% Correct
Paris
100%
Nice
97%
Strasbourg
97%
Bordeaux
94%
Marseille
94%
Nîmes
92%
Lyon
90%
Toulouse
90%
Lille
89%
Nantes
89%
Reims
89%
Grenoble
78%
Montpellier
70%
Toulon
69%
Rennes
68%
Angers
64%
Le Havre
61%
Dijon
55%
Saint-Etienne
38%
Le Mans
28%

Distribution des résultats

Percentile par nombre de réponses

% des personnes avec chaque résultat

Votre développement - résultats

Vous n’avez pas pris ce quiz